000 00539nam a22001577a 4500
003 OSt
008 260623b |||||||| |||| 00| 0 eng d
020 _a9781522589037
082 _a660.6
_bK45B
245 _aBiotechnology: Concepts, Methodologies, Tools, and Applications/ edited by Mehdi Khosrow-Pour
260 _aHershey:
_bIGI Global,
_c2019.
300 _axxii, 541 p.
650 _aTechnology (Applied Sciences) | Chemical Engineering and Related Technologies | Biotechnology
700 _aKhosrow-Pour, Mehdi
942 _2ddc
_cBK
999 _c52215
_d52215